000 00489nam a22001817a 4500
005 20251108164855.0
008 250721s1987 xx 000 0 ara d
082 1 4 _a641.5/مخت
100 1 _aسالم، مختار
245 1 0 _aالفوائد الصحية للمأكولات الشعبية /
250 _aط2.
264 1 _aبيروت :
_bدار الجيل،
_c1987.
300 _a149ص
650 1 7 _aالأغذية
650 1 7 _aالطبخ
942 _2ddc
_cBK
999 _c16373
_d16373